Industrial instrumentation fundamentals /
Guardado en:
| Autor Principal: | |
|---|---|
| Formato: | Libro |
| Idioma: | English |
| Publicado: |
New York :
McGraw-Hill,
c1962.
|
| Materias: | |
| Etiquetas: |
Agregar Etiqueta
Sin Etiquetas, Sea el primero en etiquetar este registro!
|
| LEADER | 00661cam a22001935a 4500 | ||
|---|---|---|---|
| 001 | EIQ.libpla002464 | ||
| 008 | 730515s1962####nyuao####b####001#0#eng#d | ||
| 005 | 20071226200934.0 | ||
| 245 | 1 | 0 | |a Industrial instrumentation fundamentals / |c Austin E Fribance. |
| 260 | |a New York : |b McGraw-Hill, |c c1962. | ||
| 300 | |a 776 p. : |b il., fotos ; |c 24 cm. | ||
| 504 | |a Incluye referencias bibliográficas e índice. | ||
| 020 | |a 007022370x | ||
| 100 | 1 | |a Fribance, Austin E. | |
| 650 | 4 | |a Ingeniería |x Instrumentación. | |
| 650 | 4 | |a Engineering |x Instrumentation. | |
| 010 | |a 61014684 | ||
| 040 | |a DLC |c OWibfC |d Uk |d AR-BbSID | ||
| 859 | |a AR-BbSID |b BIB. PLAPIQUI |h 681.2 |i F 911 |p 1242 | ||
